| 000 -LEADER |
| fixed length control field |
01454cam a22003734a 4500 |
| 001 - CONTROL NUMBER |
| control field |
13245322 |
| 003 - CONTROL NUMBER IDENTIFIER |
| control field |
OSt |
| 005 - DATE AND TIME OF LATEST TRANSACTION |
| control field |
20210416053733.0 |
| 008 - FIXED-LENGTH DATA ELEMENTS--GENERAL INFORMATION |
| fixed length control field |
030619s2004 nyua b 001 0 eng |
| 010 ## - LIBRARY OF CONGRESS CONTROL NUMBER |
| LC control number |
2003014194 |
| 020 ## - INTERNATIONAL STANDARD BOOK NUMBER |
| International Standard Book Number |
0071422536 (alk. paper) |
| 040 ## - CATALOGING SOURCE |
| Original cataloging agency |
DLC |
| Transcribing agency |
DLC |
| Modifying agency |
DLC |
| 042 ## - AUTHENTICATION CODE |
| Authentication code |
pcc |
| 050 00 - LIBRARY OF CONGRESS CALL NUMBER |
| Classification number |
HD4904.7 |
| Item number |
.P56 2004 |
| 080 ## - UNIVERSAL DECIMAL CLASSIFICATION NUMBER |
| Universal Decimal Classification number |
65 |
| Item number |
P-73 |
| 082 00 - DEWEY DECIMAL CLASSIFICATION NUMBER |
| Classification number |
658.3/01 |
| Edition number |
21 |
| 245 00 - TITLE STATEMENT |
| Title |
Play to your strengths : |
| Remainder of title |
managing your internal labor markets for lasting competitive advantage / |
| Statement of responsibility, etc. |
Haig R. Nalbantian ... [et al.]. |
| 260 ## - PUBLICATION, DISTRIBUTION, ETC. |
| Place of publication, distribution, etc. |
New York : |
| Name of publisher, distributor, etc. |
McGraw-Hill, |
| Date of publication, distribution, etc. |
c2004. |
| 300 ## - PHYSICAL DESCRIPTION |
| Extent |
ix, 274 p. : |
| Other physical details |
ill. ; |
| Dimensions |
24 cm. |
| 504 ## - BIBLIOGRAPHY, ETC. NOTE |
| Bibliography, etc. note |
Includes bibliographical references and index. |
| 650 #0 - SUBJECT ADDED ENTRY--TOPICAL TERM |
| Topical term or geographic name entry element |
Human capital. |
| 650 #0 - SUBJECT ADDED ENTRY--TOPICAL TERM |
| Topical term or geographic name entry element |
Labor productivity. |
| 650 #0 - SUBJECT ADDED ENTRY--TOPICAL TERM |
| Topical term or geographic name entry element |
Organizational effectiveness. |
| 650 #0 - SUBJECT ADDED ENTRY--TOPICAL TERM |
| Topical term or geographic name entry element |
Competition. |
| 700 1# - ADDED ENTRY--PERSONAL NAME |
| Personal name |
Nalbantian, Haig R. |
| 710 ## - ADDED ENTRY--CORPORATE NAME |
| 9 (RLIN) |
46 |
| Corporate name or jurisdiction name as entry element |
Guzzo, A. Richhard |
| 711 ## - ADDED ENTRY--MEETING NAME |
| 9 (RLIN) |
47 |
| Meeting name or jurisdiction name as entry element |
Kieffer, Dave |
| 856 42 - ELECTRONIC LOCATION AND ACCESS |
| Materials specified |
Contributor biographical information |
| Uniform Resource Identifier |
<a href="http://www.loc.gov/catdir/bios/mh042/2003014194.html">http://www.loc.gov/catdir/bios/mh042/2003014194.html</a> |
| 856 41 - ELECTRONIC LOCATION AND ACCESS |
| Materials specified |
Table of contents |
| Uniform Resource Identifier |
<a href="http://www.loc.gov/catdir/toc/ecip045/2003014194.html">http://www.loc.gov/catdir/toc/ecip045/2003014194.html</a> |
| 856 42 - ELECTRONIC LOCATION AND ACCESS |
| Materials specified |
Publisher description |
| Uniform Resource Identifier |
<a href="http://www.loc.gov/catdir/description/mh031/2003014194.html">http://www.loc.gov/catdir/description/mh031/2003014194.html</a> |
| 906 ## - LOCAL DATA ELEMENT F, LDF (RLIN) |
| a |
7 |
| b |
cbc |
| c |
orignew |
| d |
1 |
| e |
ecip |
| f |
20 |
| g |
y-gencatlg |
| 942 ## - ADDED ENTRY ELEMENTS (KOHA) |
| Source of classification or shelving scheme |
|
| Koha item type |
Books |